000 00405cam a2200169ua 4500
041 _aeng
_h
082 _a828.09
_bBLU/CH
100 _aBlunden, Edmund .
245 _aCharles Lamb /
_cEdmund Blunden.
_hTextual Documents
250 _a1 /
_b.
260 _aLondon :
_bLongaman Green and Co ,
_c1964.
300 _a42 ; .
504 _a
942 _cBK
999 _c2431
_d2431